Ligue 1 Clubs (All Time) - Statistics

General Stats
  • This quiz has been taken 4,281 times
    3,175 since last reset
  • The average score is 43 of 78
Answer Stats
Seasons Club % Correct
53 Paris Saint-Germain
100%
76 Olympique de Marseille
98%
67 Olympique Lyonnais
97%
1 Lyon OU
96%
66 LOSC Lille
93%
70 AS Saint-Etienne
92%
69 Girondins de Bordeaux
92%
7 Olympique Lillois
92%
67 AS Monaco
91%
67 OGC Nice
90%
58 FC Nantes
89%
69 Stade Rennais
89%
4 Paris FC
86%
64 RC Lens
86%
65 RC Strasbourg
85%
33 Montpellier HSC
84%
30 RC Paris
83%
2 CA Paris
82%
10 SO Montpellier
82%
20 Stade Brestois
82%
40 Stade de Reims
80%
20 FC Toulouse
79%
35 Toulouse FC
79%
65 FC Metz
78%
35 AJ Auxerre
77%
18 FC Lorient
74%
14 AC Ajaccio
72%
1 Gazelec Ajaccio
72%
33 Angers SCO
70%
3 Clermont Foot
69%
27 Le Havre AC
69%
34 SC Bastia
68%
66 FC Sochaux-Montbéliard
66%
18 SM Caen
65%
30 AS Nancy-Lorraine
64%
15 FC Nancy
64%
36 Nîmes Olympique
64%
3 SC Nîmois
64%
19 ESTAC Troyes
63%
2 Troyes ASTS
62%
6 Dijon FCO
61%
13 EA Guingamp
61%
3 Amiens SC
59%
4 Grenoble Foot
57%
33 Valenciennes FC
53%
4 Evian TG
48%
22 AS Cannes
44%
6 Le Mans FC
44%
19 FC Rouen
43%
19 Red Star F.C
43%
12 SC Toulon
42%
23 CS Sedan
40%
1 AC Arles-Avignon
39%
4 Tours FC
38%
13 Stade Lavallois
37%
16 FC Sète
35%
1 Chamois Niortais
33%
1 AS Aixoise
32%
1 US Boulogne CO
31%
10 CO Roubaix-Tourcoing
28%
1 Châteauroux
24%
7 EAC Roubaix
24%
3 RC Roubaix
24%
1 FC Istres
23%
6 FC Mulhouse
22%
1 FC Avignon
20%
3 Limoges FC
20%
1 SR Colmar
16%
3 FC Martigues
15%
1 AS Béziers
14%
1 FC Gueugnon
12%
12 Stade Français
12%
3 Angoulême
10%
6 Olympique d'Alès
8%
7 SC Fives
8%
7 FC Antibes
7%
1 Hyères FC
7%
1 Club Français
3%
No matching quizzes found
Score Distribution
Percent of People with Each Score
Percentile by Number Answered
Your Score History
You have not taken this quiz since the last reset